Statistics for Funny Marvel Quotes

Click here to take the quiz!

General Stats

  • This quiz has been taken 114 times
  • The average score is 11 of 16

Answer Stats

QuoteCharacter% Correct
"Dude, you're embarrasing me in front of the wizards."Iron Man
98%
"You have a metal arm? That is awesome, dude!"Spider-Man
93%
"What master do I serve? What am I supposed to say? Jesus?"Star-Lord
91%
"Puny God."Hulk
89%
"The city is flying. We're fighting an army of robots. And I have a bow and arrow. None of this makes sense."Hawkeye
88%
"I have been falling, FOR 30 MINUTES!"Loki
87%
"I'll do you one better. Why is Gamora?"Drax
85%
"I need a horse!"Thor
84%
"There's only one God, ma'am, and I'm pretty sure he doesn't dress like that."Captain America
80%
"Hey fellas, either one of you know where the Smithsonian is? I'm here to pick up a fossil."Black Widow
63%
"Sir, I am going to have to ask you to exit the donut."Nick Fury
63%
"I'm Mary Poppins, y'all!"Yondu
60%
"I love you guys."Groot
46%
"So, you like cats?Falcon
40%
"Ah, she left me.Yeah, my mom died, too. And my dad got deported. But I got the van!"Luis
35%
"Ain't no thing like me, except me!"Rocket Racoon
26%

Score Distribution

Percentile by Number Answered

Percent of People with Each Score

Your Score History

You have not taken this quiz